LEADER 03813 am 2200661 n 450 001 9910418059903321 005 20190117 010 $a979-1-03-620093-9 024 7 $a10.4000/books.enseditions.10823 035 $a(CKB)4100000007522777 035 $a(FrMaCLE)OB-enseditions-10823 035 $a(oapen)https://directory.doabooks.org/handle/20.500.12854/45796 035 $a(PPN)234055448 035 $a(EXLCZ)994100000007522777 100 $a20190118j|||||||| ||| 0 101 0 $afre 135 $auu||||||m|||| 181 $ctxt$2rdacontent 182 $cc$2rdamedia 183 $acr$2rdacarrier 200 10$aÉcrits, genre et autorités $eEnquête en Tunisie /$fAbir Kréfa 210 $aLyon $cENS Éditions$d2019 215 $a1 online resource (292 p.) 311 $a979-1-03-620091-5 330 $aDepuis la révolution tunisienne, le pays a attiré nombre de chercheurs, de journalistes et d?experts. Les articles et les discours médiatiques ont foisonné sur les mobilisations sociales et politiques, les résultats des élections d?octobre 2011, les démêlés avec la justice de militants et d?artistes. Cependant, si la révolution puis la victoire électorale des islamistes ont placé la Tunisie au centre des actualités internationales, les relations entre les artistes et les institutions autoritaires, les conditions socio-économiques de création et les rapports de sexe dans les mondes de l?art demeurent inconnus. Fondé sur une longue enquête de terrain, cet ouvrage comble ces manques en menant une analyse détaillée de l?univers littéraire tunisien et des rapports sociaux de sexe qui le traversent jusqu?à la révolution. Il ôte à la Tunisie, souvent présentée comme à part, son statut d?exception. Il rend enfin intelligibles, au-delà du cas de ce pays, les manières dont se reproduisent les rapports de sexe et les modes de domination en contexte autoritaire. Since the revolution, Tunisia has attracted the attention of many researchers, journalists and experts. This has led to a proliferation of articles and media discourse related to social and political mobilisation, the results of the October 2011 elections and conflicts between artists and activists on the one side and the judiciary on the other. However, although Tunisia has been a recurrent international news story since the revolution and the electoral victory for the Islamists, no academic research has been devoted to the relationship between artists and authoritarian institutions. The socio-economic conditions for the creation of artworks and the ways in which the art world is structured by gender have not been documented. This book is based on a lengthy sociological study and fills a gap in academic research: it provides a detailed analysis of the Tunisian literary landscape and highlights how it is structured by? 606 $aPolitical Science 606 $aWomen's Studies 606 $aédition 606 $aart 606 $arapports de genre 606 $arégime autoritaire 606 $aTunisie 606 $apublishing 606 $agender 606 $aauthoritarian regime 606 $aTunisia 610 $aauthoritarian regime 610 $aart 610 $agender 610 $apublishing 610 $aTunisia 615 4$aPolitical Science 615 4$aWomen's Studies 615 4$aédition 615 4$aart 615 4$arapports de genre 615 4$arégime autoritaire 615 4$aTunisie 615 4$apublishing 615 4$agender 615 4$aauthoritarian regime 615 4$aTunisia 700 $aKréfa$b Abir$01300870 801 0$bFR-FrMaCLE 906 $aBOOK 912 $a9910418059903321 996 $aÉcrits, genre et autorités$93025667 997 $aUNINA LEADER 03946nam 22006615 450 001 996466418003316 005 20240215144404.0 010 $a3-030-89117-8 024 7 $a10.1007/978-3-030-89117-6 035 $a(MiAaPQ)EBC6891234 035 $a(Au-PeEL)EBL6891234 035 $a(CKB)21250894500041 035 $a(DE-He213)978-3-030-89117-6 035 $a(PPN)260825956 035 $a(EXLCZ)9921250894500041 100 $a20220216d2022 u| 0 101 0 $aeng 135 $aurcnu|||||||| 181 $ctxt$2rdacontent 182 $cc$2rdamedia 183 $acr$2rdacarrier 200 10$aGeometric Transformations$b[electronic resource] /$fby R?zvan Gelca, Ionu? Oni?or, Carlos Yuzo Shine 205 $a1st ed. 2022. 210 1$aCham :$cSpringer International Publishing :$cImprint: Springer,$d2022. 215 $a1 online resource (581 pages) 225 1 $aProblem Books in Mathematics,$x2197-8506 300 $aIncludes index. 311 08$aPrint version: Gelca, R?zvan Geometric Transformations Cham : Springer International Publishing AG,c2022 9783030891169 327 $aIntroduction -- Part I: Problems - 1. Isometries -- 2. Homotheties and Spiral Similarities -- 3. Inversions -- 4. A Synthesis -- Part II: Hints - 5. Isometries -- 6. Homotheties and Spiral Similarities -- 7. Inversions -- 8. A Synthesis -- Part III: Solutions - 9. Isometries -- 10. Homotheties and Spiral Similarities -- 11. Inversions -- 12. A Synthesis. 330 $aThis textbook teaches the transformations of plane Euclidean geometry through problems, offering a transformation-based perspective on problems that have appeared in recent years at mathematics competitions around the globe, as well as on some classical examples and theorems. It is based on the combined teaching experience of the authors (coaches of several Mathematical Olympiad teams in Brazil, Romania and the USA) and presents comprehensive theoretical discussions of isometries, homotheties and spiral similarities, and inversions, all illustrated by examples and followed by myriad problems left for the reader to solve. These problems were carefully selected and arranged to introduce students to the topics by gradually moving from basic to expert level. Most of them have appeared in competitions such as Mathematical Olympiads or in mathematical journals aimed at an audience interested in mathematics competitions, while some are fundamental facts of mathematics discussed in the framework of geometric transformations. The book offers a global view of the geometric content of today's mathematics competitions, bringing many new methods and ideas to the attention of the public. Talented high school and middle school students seeking to improve their problem-solving skills can benefit from this book, as well as high school and college instructors who want to add nonstandard questions to their courses. People who enjoy solving elementary math problems as a hobby will also enjoy this work. 410 0$aProblem Books in Mathematics,$x2197-8506 606 $aGeometry 606 $aGroup theory 606 $aMathematics$xStudy and teaching  606 $aGeometry 606 $aGroup Theory and Generalizations 606 $aMathematics Education 606 $aGeometria$2thub 608 $aProblemes i exercicis$2thub 608 $aLlibres electrònics$2thub 615 0$aGeometry. 615 0$aGroup theory. 615 0$aMathematics$xStudy and teaching . 615 14$aGeometry. 615 24$aGroup Theory and Generalizations. 615 24$aMathematics Education. 615 7$aGeometria 676 $a516 700 $aGelca$b Ra?zvan$f1967-$0731262 702 $aOnisor$b Ionut 702 $aShine$b Carlos Yuzo 801 0$bMiAaPQ 801 1$bMiAaPQ 801 2$bMiAaPQ 906 $aBOOK 912 $a996466418003316 996 $aGeometric transformations$92920271 997 $aUNISA